=LDR 00000nam 2200000 4500 =001 INLIS000000000039805 =005 20130612145418 =008 ***********************************Ind** =035 ##$$a0010-061300000039805 =041 ##$$a Ind =082 ##$$a 813 =090 ##$$a 813, Tra a.2 =100 ##$$a Tracy,Mariska =245 ##$$a Air Mata Ibuku Dalam Semangkuk Sup Ayam, Mariska Tracy =260 ##$$a 2010 $b Jakarta =300 ##$$a 180 hlm, 20 cm =700 ##$$a Benny Dewanto =850 ##$$a NBPNMAT =990 ##$$a 21400613/BPAP-NTB/20142014